Moesman : monografie : catalogus van schilderijen en objecten /

Saved in:
Bibliographic Details
Main Author: Steen, John.
Other Authors: Moesman, Johannes Hendrikus, 1909-1988., Keers, Frits.
Format: Book
Language:Dutch
Published: Zwolle : Waanders, c1998.
Series:Monografieën van Nederlandse kunstenaars ; 15.
Subjects:
Tags: Add Tag
No Tags, Be the first to tag this record!
LEADER 01070nam a2200289 a 4500
001 007798309-2
005 20020606104010.5
008 980701s1998 ne ac bc 001 0ddut d
010 |a  98166349  
020 |a 9040098697 
035 0 |a ocm39468651 
040 |a NNFr  |c NNFr  |d DLC  |d MH-FA 
042 |a lccopycat 
050 0 0 |a ND653.M73  |b S74 1998 
100 1 |a Steen, John. 
245 1 0 |a Moesman :  |b monografie : catalogus van schilderijen en objecten /  |c John Steen, met bijdragen van Frits Keers. 
260 |a Zwolle :  |b Waanders,  |c c1998. 
300 |a 214 p. :  |b ill. (some col.), ports. ;  |c 28 cm. 
490 1 |a Monografieën van Nederlandse kunstenaars ;  |v 15 
504 |a Includes bibliographical references (p. 192-197) and indexes. 
600 1 0 |a Moesman, Johannes Hendrikus,  |d 1909-1988  |x Criticism and interpretation. 
600 1 0 |a Moesman, Johannes Hendrikus,  |d 1909-1988  |v Catalogs. 
700 1 |a Moesman, Johannes Hendrikus,  |d 1909-1988. 
700 1 |a Keers, Frits. 
830 0 |a Monografieën van Nederlandse kunstenaars ;  |v 15. 
988 |a 20020608 
906 |0 OCLC